Technicko-ekonomicky-environmentálne hodnotenie výkonnosti produkcie ocele

Guardado en:
Detalles Bibliográficos
Autor principal: Majerník, Milan, 1952-
Otros Autores: Kravec, Michal, 1986-, Ružinský, Martin
Formato: Capítulo de libro
Lenguaje:eslovaco
Materias:
Etiquetas: Agregar Etiqueta
Sin Etiquetas, Sea el primero en etiquetar este registro!

MARC

LEADER 00000naa$a2200000$$$4500
001 0201752
005 20240502073411.2
041 0 |a slo 
044 |a SK 
245 1 0 |a Technicko-ekonomicky-environmentálne hodnotenie výkonnosti produkcie ocele  |c Milan Majerník, Michal Kravec, Martin Ružinský 
500 |a Abstrakt 
610 2 0 |a oceľ 
610 2 0 |a oceliarne 
610 2 0 |a oceliarstvo 
610 2 0 |a produkcia 
610 2 0 |a rentabilita 
610 2 0 |a výkonnosť 
610 2 0 |a efektívnosť ekonomická 
100 1 |a Majerník, Milan, 1952- 
700 1 |a Kravec, Michal, 1986- 
700 1 |a Ružinský, Martin